| 000 | 01349cam a22004094a 4500 | ||
|---|---|---|---|
| 001 | muse84834 | ||
| 003 | MdBmJHUP | ||
| 005 | 20210127151615.0 | ||
| 006 | m o d | ||
| 007 | cr||||||||nn|n | ||
| 008 | 960916s1986 mx o 00 0 spa d | ||
| 010 | _z 96195214 | ||
| 020 | _a9786076286524 | ||
| 020 | _z9681202864 | ||
| 020 | _z9789681202866 | ||
| 035 | _a(OCoLC)1055642903 | ||
| 040 |
_aMdBmJHUP _cMdBmJHUP |
||
| 050 | 0 | 4 |
_aPC4832 _b.D5 1986 |
| 245 | 0 | 0 |
_aDiccionario básico del español de México _c[dirigido por Luis Fernando Lara]. |
| 250 | _a1. ed. | ||
| 264 | 1 | _bColegio de Mexico, | |
| 264 | 3 | _bProject MUSE, | |
| 300 | _a1 online resource (565 p.) | ||
| 506 | 0 |
_aOpen Access _fUnrestricted online access _2star |
|
| 588 | _aDescription based on print version record. | ||
| 650 | 0 |
_aSpanish language _xProvincialisms _zMexico _xDictionaries. |
|
| 655 | 7 |
_aElectronic books. _2local |
|
| 700 | 1 | _aLara, Luis Fernando. | |
| 710 | 2 | _aColegio de Mexico. | |
| 710 | 2 |
_aProject Muse. _edistributor |
|
| 830 | 0 | _aBook collections on Project MUSE. | |
| 856 | 4 | 0 |
_zFull text available: _uhttps://muse.jhu.edu/book/74573/ |
| 999 |
_c26383 _d26383 |
||